El cachimbo: danza tarapaqueña de pueblos y quebradas.

Kaydedildi:
Detaylı Bibliyografya
Yazar: Loyola Palacios, Margot (autora)
Materyal Türü: Kitap
Dil:İspanyolca
Baskı/Yayın Bilgisi: Valparaíso, Chile Universitarias 1994
Edisyon:Primera edición
Seri Bilgileri:Colección Universidad
Konular:
Etiketler: Etiketle
Etiket eklenmemiş, İlk siz ekleyin!

MARC

LEADER 00000nam a2200000 a 4500
001 UCY1984
003 CL-VaPUC
005 20231026103827.0
008 941004e19940000CL |||||||||||||||||spa|d
999 |c 230522  |d 230520 
040 |c Pontificia Universidad Católica de Valparaíso 
082 0 4 |a 793.31 LOY 1994  |2 21 
100 |a Loyola Palacios, Margot  |e autora  |9 367508 
245 1 3 |a El cachimbo: danza tarapaqueña de pueblos y quebradas. 
250 |a Primera edición 
260 0 3 |a Valparaíso, Chile  |b Universitarias  |c 1994 
300 |a 140 páginas 
490 0 |a Colección Universidad 
583 |a last modification  |c 20120606 04:17:11  |k Rodrigo Vera 
600 0 7 |a PLATH, ORESTE  |2 CL-VaPUC  |9 330038 
600 0 7 |a SEPULVEDA, FIDEL  |2 CL-VaPUC  |9 330039 
600 0 |a Merino Montero, Luis,  |d 1943-  |9 330040 
600 0 7 |a BARCELO, ANTONIO  |2 CL-VaPUC  |9 330041 
650 0 |a Danzas folklóricas  |9 330042 
650 0 |a Música folklórica  |9 306412 
650 0 |a Prfemio nacional de arte  |9 330043 
650 0 |a Académicos   |x Pontificia Universidad Católica de Valparaíso (PUCV)  |9 255553 
650 0 |a Archivo histórico PUCV  |9 255554 
651 7 |a TARAPACA  |2 CL-VaPUC  |9 268304 
651 7 |a MAMIÑA  |2 CL-VaPUC  |9 330044 
651 7 |a HUARA  |2 CL-VaPUC  |9 330045 
651 7 |a HUMBERSTONE  |2 CL-VaPUC  |9 330046 
651 7 |a CHILE  |2 CL-VaPUC  |9 330047 
942 |c BK  |2 ddc 
945 |d 19941004 00:00:00  |a mfernand 
952 |0 0  |1 0  |2 ddc  |4 0  |6 793_310000000000000_LOY_1994  |7 0  |8 A  |9 232867  |a BIBEDU  |b BIBEDU  |d 2019-11-15  |i 3418375  |o 793.31 LOY 1994  |p 3418375  |r 2019-11-15  |t 4  |w 2019-11-15  |y BK  |k BME 
952 |0 0  |1 0  |2 ddc  |4 0  |6 793_310000000000000_LOY_1994  |7 0  |8 X  |9 232868  |a FDOMLP  |b FDOMLP  |d 2019-11-15  |i 340871K  |o 793.31 LOY 1994  |p 340871K  |r 2019-11-15  |t 5  |w 2019-11-15  |y BK_X  |k BU2 
952 |0 0  |1 0  |2 ddc  |4 0  |6 793_310000000000000_LOY_1994  |7 0  |8 A  |9 232869  |a BIBEDU  |b BIBEDU  |d 2019-11-15  |i 3021734  |o 793.31 LOY 1994  |p 3021734  |r 2023-01-12  |t 3  |w 2019-11-15  |y BK  |k MUS 
952 |0 0  |1 0  |2 ddc  |4 0  |6 793_310000000000000_LOY_1994  |7 0  |8 A  |9 232870  |a BIBEDU  |b BIBEDU  |d 2019-11-15  |i 3534944  |o 793.31 LOY 1994  |p 3534944  |r 2023-01-12  |t 6  |w 2019-11-15  |y BK  |k MUS 
952 |0 0  |1 0  |2 ddc  |4 0  |6 793_310000000000000_LOY_1994  |7 0  |8 A  |9 232871  |a BIBEDU  |b BIBEDU  |d 2019-11-15  |i 3534952  |o 793.31 LOY 1994  |p 3534952  |r 2023-01-12  |t 7  |w 2019-11-15  |y BK  |k MUS 
952 |0 0  |1 0  |2 ddc  |4 0  |6 793_310000000000000_LOY_1994  |7 0  |8 A  |9 232872  |a BIBEDU  |b BIBEDU  |d 2019-11-15  |i 3534960  |o 793.31 LOY 1994  |p 3534960  |r 2023-01-12  |t 8  |w 2019-11-15  |y BK  |k MUS 
952 |0 0  |1 0  |2 ddc  |4 0  |6 793_310000000000000_LOY_1994  |7 0  |8 A  |9 232873  |a BIBEDU  |b BIBEDU  |d 2019-11-15  |i 3534979  |o 793.31 LOY 1994  |p 3534979  |r 2023-01-12  |t 9  |w 2019-11-15  |y BK  |k MUS 
952 |0 0  |1 0  |2 ddc  |4 0  |6 793_310000000000000_LOY_1994  |7 0  |8 A  |9 232874  |a BIBEDU  |b BIBEDU  |d 2019-11-15  |i 3534987  |o 793.31 LOY 1994  |p 3534987  |r 2023-01-12  |t 10  |w 2019-11-15  |y BK  |k MUS 
952 |0 0  |1 0  |2 ddc  |4 0  |6 793_310000000000000_LOY_1994  |7 0  |8 A  |9 232875  |a BIBEDU  |b BIBEDU  |d 2019-11-15  |i 3534995  |o 793.31 LOY 1994  |p 3534995  |r 2023-01-12  |t 11  |w 2019-11-15  |y BK  |k MUS 
952 |0 0  |1 0  |2 ddc  |4 0  |6 793_310000000000000_LOY_1994  |7 0  |8 A  |9 232876  |a BIBEDU  |b BIBEDU  |d 2019-11-15  |i 3535002  |o 793.31 LOY 1994  |p 3535002  |r 2023-01-12  |t 12  |w 2019-11-15  |y BK  |k MUS 
952 |0 0  |1 0  |2 ddc  |4 0  |6 793_310000000000000_LOY_1994  |7 0  |8 A  |9 232877  |a BIBEDU  |b BIBEDU  |d 2019-11-15  |i 3535010  |o 793.31 LOY 1994  |p 3535010  |r 2023-01-12  |t 13  |w 2019-11-15  |y BK  |k MUS 
952 |0 0  |1 0  |2 ddc  |4 0  |6 793_310000000000000_LOY_1994  |7 0  |8 A  |9 232878  |a BIBEDU  |b BIBEDU  |d 2019-11-15  |i 3535029  |o 793.31 LOY 1994  |p 3535029  |r 2023-01-12  |t 14  |w 2019-11-15  |y BK  |k MUS 
952 |0 0  |1 0  |2 ddc  |4 0  |6 793_310000000000000_LOY_1994  |7 0  |8 A  |9 232879  |a BIBEDU  |b BIBEDU  |d 2019-11-15  |i 3535037  |o 793.31 LOY 1994  |p 3535037  |r 2023-01-12  |t 15  |w 2019-11-15  |y BK  |k MUS 
952 |0 0  |1 0  |2 ddc  |4 0  |6 793_310000000000000_LOY_1994  |7 0  |8 X  |9 232880  |a FDOBUD  |b FDOBUD  |d 2019-11-15  |i 1075969  |o 793.31 LOY 1994  |p 1075969  |r 2019-11-15  |t 2  |w 2019-11-15  |y BK_X  |k FHP